LDR 00796naa#a2200169#i#450# 001 EN\\bibl\20048 005 20260701202613.3 100 ## _a20260630b2026####ek#y0engy0150####ca 102 ## _aRU 200 1# _aCOMPARATIVE ANALYSIS OF MODERN MACHINE LEARNING LIBRARIES AND FRAMEWORKS _eConference article/thesis 210 1# _aVoronezh _cFSBE Institution of Higher Education Voronezh State University of Forestry and Technologies named after G.F. Morozov _d2026 215 ## _a4 с. 608 ## _aConference article/thesis _2local 675 ## _aПрикладные системы искусственного интеллекта. Интеллектуальные системы, обладающие знаниями. 004.89 _z 700 #1 _aAnikeev _gE. A. 700 #1 _aAkimenko _gAndrey Vladimirovich 856 4# _abibl.vgltu.ru _u